Séries commençant par la lettre C - Statistiques

Statistiques générales
  • Ce quiz a été pris 420 fois
  • Le résultat moyen est 5 sur 10
Statistiques - réponses
Par images Réponse % Correct
Cédric
86%
Charmed
79%
Caméra Café
74%
Corneil et Bernie
70%
Columbo
69%
Clem
58%
Castle
39%
Cold Case : Affaires Classées
39%
Chuck
15%
Californication
14%
Aucun quiz correspondant
Distribution des résultats
% des personnes avec chaque résultat
Percentile par nombre de réponses
Votre historique - résultats
Vous n’avez pas pris ce quiz